| 000 -LEADER |
| fixed length control field |
00670cam a2200193 a 4500 |
| 020 ## - INTERNATIONAL STANDARD BOOK NUMBER |
| ISBN |
0764540688 |
| 040 ## - CATALOGING SOURCE |
| Transcribing agency |
EQO |
| 082 00 - DEWEY DECIMAL CLASSIFICATION NUMBER |
| Classification number |
005 WIL 2003 A002 Or. |
| 100 1# - MAIN ENTRY--AUTHOR NAME |
| Personal name |
LeVitus, Bob. |
| 245 10 - TITLE STATEMENT |
| Title |
Dr. Mac : |
| Remainder of title |
the OS X files, Panther edition : how to become a Panther power user / |
| 260 ## - PUBLICATION, DISTRIBUTION, ETC. (IMPRINT) |
| Place of publication |
New York : |
| Name of publisher |
Wiley, |
| Year of publication |
2003. |
| 300 ## - PHYSICAL DESCRIPTION |
| Number of Pages |
xxi, 482 p. : |
| Other physical details |
ill. ; |
| Dimensions |
23 cm. |
| 500 ## - GENERAL NOTE |
| General note |
Previous ed.: 2002. |
| 650 #0 - SUBJECT ADDED ENTRY--TOPICAL TERM |
| Topical Term |
Macintosh (Computer) |
| 856 42 - ELECTRONIC LOCATION AND ACCESS |
| Uniform Resource Identifier |
http://www.loc.gov/catdir/description/wiley042/2004295233.html |
| 856 41 - ELECTRONIC LOCATION AND ACCESS |
| Uniform Resource Identifier |
http://www.loc.gov/catdir/toc/wiley041/2004295233.html |
| 856 42 - ELECTRONIC LOCATION AND ACCESS |
| Uniform Resource Identifier |
http://www.loc.gov/catdir/bios/wiley047/2004295233.html |
| 942 ## - ADDED ENTRY ELEMENTS (KOHA) |
| Koha item type |
សៀវភៅភាសាអង់គ្លេស |
| 952 ## - LOCATION AND ITEM INFORMATION (KOHA) |
| Withdrawn status [LOCAL, KOHA] |
0 |